000 00264nam a2200109Ia 4500
008 240625s9999 xx 000 0 und d
041 _aeng
082 _a658.12 BUT
100 _aBUTTLE FRANCIS
245 _aCUSTOMER RELATIONSHIP MANAGEMENT CONCEPT
260 _c2013
999 _c39509
_d39509